Guess The Brand! #28 - Statistics

General Stats
  • This quiz has been taken 33 times
  • The average score is 14 of 50
Answer Stats
Picture Answer % Correct
Despicable Me
56%
El Pollo Loco
56%
Goosebumps
53%
Juicy Fruit
50%
AERO
47%
Globe
47%
X Factor
44%
Del Taco
41%
Logo Quiz
41%
Tehbotol
41%
Warner Bros Animation
41%
Dupont
34%
Honeywell
34%
Pabst Blue Ribbon
34%
Lotto
31%
Yellow Pages
31%
AIWA
28%
Notepad
28%
Windows 98
28%
Brawl Stars
25%
Hublot
25%
Scotiabank
25%
TED
25%
Thomas Cook
25%
Alliance Atlantis
22%
Compaq
22%
Utorrent
22%
Weibo
22%
Windows Media Player
22%
Baker Hughes
19%
Goodlife Fitness
19%
Intimissimi
19%
Kelme
19%
Kimberly Clark
19%
Offspring
19%
Shiseido
19%
Spalding
19%
Viewsonic
19%
Arabian Gulf Oil Company
16%
Belinea
16%
Beninhana
16%
Brooks
16%
Creative Commons
16%
Ebuddy
16%
Google Fiber
16%
Home Hardware
16%
RCA Vector
16%
Skybet
16%
Snaidero
16%
Washington Warriors
16%
No matching quizzes found
Score Distribution
Percent of People with Each Score
Percentile by Number Answered
Your Score History
You have not taken this quiz